What Countries Have I not been to? - Statistics

General Stats
  • This quiz has been taken 12 times
  • The average score is 22 of 45
Answer Stats
Question Tile Select % Correct
Countries I have not been to Angola Yes
78%
Countries I have not been to. Benin Yes
78%
Countries I have not been to Bhutan Yes
78%
Countries I have not been to Democratic Republic of the Congo Yes
78%
Countries I have not been to Sweden Yes
78%
Countries I have not been to. Guinea Yes
67%
Countries I have not been to Japan Yes
67%
Countries I have not been to. Liberia No
67%
Countries I have not been to Algeria Yes
56%
Countries I have not been to France No
56%
Countries I have not been to Germany No
56%
Countries I have not been to Malta Yes
56%
Countries I have not been to Mauritius No
56%
Countries I have not been to Netherlands Yes
56%
Countries I have not been to. Niger No
56%
Countries I have not been to Oman Yes
56%
Countries I have not been to South Korea Yes
56%
Countries I have not been to Syria Yes
56%
Countries I have not been to. Tanzania No
56%
Countries I have not been to Vietnam Yes
56%
(bonus) Of my quizzes that have over 40 takes. All the Geography I know by Letter-A Yes
44%
(bonus) Of my quizzes that have over 40 takes. All the Geography I know by Letter-F Yes
44%
Countries I have not been to Austria No
44%
Countries I have not been to China Yes
44%
Countries I have not been to Eritrea No
44%
Countries I have not been to Georgia No
44%
Countries I have not been to Hungary No
44%
Countries I have not been to India Yes
44%
Countries I have not been to. Mauritania No
44%
Countries I have not been to. Morocco No
44%
Countries I have not been to Namibia No
44%
Countries I have not been to South Africa Yes
44%
Countries I have not been to Switzerland No
44%
(bonus) Of my quizzes that have over 40 takes. 2052 No
33%
(bonus) Of my quizzes that have over 40 takes. All the Geography I know by Letter-E Yes
33%
(bonus) Of my quizzes that have over 40 takes. All the Geography I know by Letter-L Yes
33%
Countries I have not been to. Ghana Yes
33%
Countries I have not been to Lesotho No
33%
(bonus) Of my quizzes that have over 40 takes. Music in my Youtube Mix No
33%
(bonus) Of my quizzes that have over 40 takes. National Parks of Poland No
33%
Countries I have not been to. Sudan No
33%
Countries I have not been to Zimbabwe No
33%
(bonus) Of my quizzes that have over 40 takes. National Parks of Denmark No
22%
Countries I have not been to Slovakia No
22%
(bonus) Of my quizzes that have over 40 takes. National Parks of Switzerland No
11%
No matching quizzes found
Score Distribution
Percent of People with Each Score
Percentile by Number Answered
Your Score History
You have not taken this quiz